V dresoch tureckého Besiktasu bolo oblečených akosi priveľa hráčov : opora košických hádzanárov Ján Kolesár pred odvetov na domácej palubovke: "V pohároch je všetko možné-"

Podrobná bibliografia
Hlavný autor: Matia, Bohuš (Author)
Ďalší autori: Kolesár, Ján (Interviewee)
Médium: Článok
Jazyk:Slovak
Témy:
Zdroj: 1. Košický večer. Korzár 1. 1336-5320 1. Roč. 17(38), č.40(6.10.2006), s. 22
LEADER 01019nab#a2200301#ar4500
001 000082002
003 SVKKK
005 20061219153354.0
008 061219c2006 xo e slo
FMT
038 |a SVKKK 
040 |a SVKKK  |b slo  |e AACR2 
041 0 |a slo 
044 |a xo  |c SK 
080 |a 796.322  |2 1997 
100 1 |a Matia, Bohuš  |4 aut 
245 1 0 |a V dresoch tureckého Besiktasu bolo oblečených akosi priveľa hráčov :  |b opora košických hádzanárov Ján Kolesár pred odvetov na domácej palubovke: "V pohároch je všetko možné-"  |c Bohuš Matia 
300 |b Fotogr. 
610 2 4 |a MHK Košice  |n (1.)  |x klub hádzanársky mužský (Košice, Slovensko)  |y október 2006  |x zápasy zahraničné  |x hodnotenia 
650 0 4 |a klub hádzanársky mužský  |z Košice (Slovensko) 
700 1 |a Kolesár, Ján  |4 ive 
773 0 |t Košický večer. Korzár  |x 1336-5320  |g Roč. 17(38), č.40(6.10.2006), s. 22 
957 |a 802 
974 |a MI 
992 |a RBX 
BAS
852 |a SVKKK  |b BIB 
998 |a REG